| 000 | 00935 a2200229 4500 | ||
|---|---|---|---|
| 003 | Nust | ||
| 005 | 20230221112245.0 | ||
| 010 | _a 92036400 | ||
| 020 | _a0195073169 (alk. paper) | ||
| 040 | _cNust | ||
| 082 | 0 | 0 | _a301, HOR |
| 100 | 1 |
_aHorowitz, Irving Louis. _9109308 |
|
| 245 | 1 | 4 |
_aThe decomposition of sociology / _cIrving Louis Horowitz. _bSociology |
| 260 |
_aNew York : _bOxford University Press, _cc1993. |
||
| 300 |
_a282 p. ; _c24 cm. |
||
| 505 | _aPART-1: The Decomposition of Sociology (Page-1), PART-2: The Reconstruction of Social Science (Page-131). | ||
| 650 | 0 |
_aSociology _xStudy and teaching _zUnited States. _9109309 |
|
| 650 | 0 |
_aSociology _zUnited States _xHistory. _9109310 |
|
| 856 | 4 | 2 |
_3Contributor biographical information _uhttp://www.loc.gov/catdir/enhancements/fy0725/92036400-b.html |
| 856 | 4 | 2 |
_3Publisher description _uhttp://www.loc.gov/catdir/enhancements/fy0639/92036400-d.html |
| 942 |
_2ddc _cBK |
||
| 999 |
_c184464 _d184464 |
||